000 00298nam a22001217a 4500
008 180130b xxu||||| |||| 00| 0 eng d
041 _aeng
080 _a61
100 _a3
101 _aSHM
245 _aSocial work in health care: a guide to professional practice
_cBracht,N,F
942 _2udc
_cBK
999 _c41289
_d41289